Estadísticas para Los 5 Países más Cercanos al País Mencionado #2

Haz click aquí para tomar la prueba!

Estadísticas generales

  • Esta prueba ha sido tomada 2,392 veces
    (2,114 desde el último reinicio)
  • La puntuación promedio es 31 de 38

Estadísticas de respuestas

País comenzante # Respuesta % Correcto
Irlanda0Reino Unido
99%
Corea del Sur0Corea del Norte
99%
Corea del Sur187China
98%
Corea del Sur30Japón
98%
Uruguay0Brasil
97%
Uruguay0Argentina
97%
Uruguay196Paraguay
96%
Uruguay659Chile
95%
Santa Lucia, Irlanda, Túnez21, 257, 274Francia
94%
Uruguay640Bolivia
93%
Túnez0Argelia
90%
Irlanda411Países Bajos
88%
Cabo Verde476Marruecos
88%
Túnez0Libia
87%
Irlanda385Bélgica
87%
Singapur6Indonesia
87%
Corea del Sur291Rusia
85%
Singapur1Malasia
85%
Baréin10Arabia Saudita
84%
Baréin1Catar
82%
Corea del Sur616Taiwán
80%
Irlanda512Alemania
80%
Singapur328Tailandia
79%
Túnez43Italia
79%
Baréin129EAU
79%
Singapur495Vietnam
77%
Baréin114Irán
75%
Cabo Verde355Senegal
74%
Baréin205Kuwait
74%
Cabo Verde416Mauritania
71%
Singapur597Camboya
70%
Túnez184Malta
70%
Santa Lucia26San Vicente y las
Granadinas
64%
Cabo Verde437Gambia
63%
Santa Lucia111Granada
62%
Santa Lucia91Barbados
61%
Santa Lucia82Dominica
59%
Cabo Verde482Guinea-Bissau
54%

Distribución de puntuación

Porcentaje por número respondido

Porcentaje de gente con cada puntuación

Historial de tus puntuaciones

No has tomado esta prueba desde el último reinicio